Fortnite - Season 7 Named Locations - Statistics

General Stats
  • This quiz has been taken 67 times
  • The average score is 16 of 21
Answer Stats
Picture Answer % Correct
Tilted Towers
95%
Dusty Divot
90%
Loot Lake
90%
Pleasant Park
90%
Paradise Palms
89%
Retail Row
89%
Salty Springs
85%
Shifty Shafts
82%
Wailing Woods
79%
Haunted Hills
77%
Fatal Fields
75%
Junk Junction
75%
Lonely Lodge
75%
Lucky Landing
74%
Lazy Links
72%
Snobby Shores
70%
Tomato Temple
70%
Polar Peak
64%
The Block
62%
Frosty Flights
54%
Happy Hamlet
52%
No matching quizzes found
Score Distribution
Percent of People with Each Score
Percentile by Number Answered
Your Score History
You have not taken this quiz